| 000 | 00344nam a2200133Ia 4500 | ||
|---|---|---|---|
| 008 | 220217s9999||||xx |||||||||||||| ||und|| | ||
| 082 | _a005.133 SCH | ||
| 100 | _aSchildt, Herbert | ||
| 245 | 0 | _aComplete reference C++ | |
| 250 | _a3rd | ||
| 260 |
_aTata mcgraw hill _bNew Delhi _c1999 |
||
| 300 | _b295 | ||
| 650 | _aPROGRAMMING LANGUAGE | ||
| 999 |
_c165602 _d165602 |
||